Normal view
MARC view
- Rivas Font, José I.
Entry Nombre Personal
001 - NUMERO DE CONTROL
- campo de control: 52907
003 - IDENTIFICADOR DE NUMERO DE CONTROL
- campo de control: MX-MxUPN
005 - FECHA Y HORA DE LA ÜLTIMA TRANSACCIÓN
- campo de control: 20240807132742.0
008 - DATOS DE LONGITUD FIJA
- campo de control de longitud fija: 240807|| aca||aabn | aaa d
040 ## - FUENTE DE CATALOGACIÓN
- Agencia original de catalogación: MX-MxUPN
- Lenguaje de catalogación: spa
- Agencia de transcripción: MX-MxUPN
100 1# - ENCABEZAMIENTO - NOMBRE PERSONAL
- Nombre personal: Rivas Font, José I.
670 ## - FUENTE EN LA QUE SE LOCALIZARON DATOS
- Cita de la fuente: Apuntes sobre el cutivo y la explotación del henequén, 1906:
- Información localizada: portada (José I. Rivas Font)
902 ## - CATALOGADOR
- Catalogador: Víctor Ruiz/070824
